Historia tolteca-chichimeca (Record no. 10538)
[ view plain ]
| 000 -CABECERA | |
|---|---|
| campo de control de longitud fija | 01034nam a2200277 a 4500 |
| 001 - NÚMERO DE CONTROL | |
| campo de control | BRL_1730 |
| 005 - FECHA Y HORA DE LA ÚLTIMA TRANSACCIÓN | |
| campo de control | 20190320211337.0 |
| 008 - DATOS DE LONGITUD FIJA--INFORMACIÓN GENERAL | |
| campo de control de longitud fija | 220715s1947----mx-a######---#000-0#spa-# |
| 041 ## - CÓDIGO DE LENGUA | |
| Código de lengua del texto/banda sonora o título independiente | spa |
| 044 ## - CÓDIGO DEL PAÍS DE LA ENTIDAD EDITORA/PRODUCTORA | |
| Código MARC del país | mx |
| 050 #4 - SIGNATURA TOPOGRÁFICA DE LA BIBLIOTECA DEL CONGRESO | |
| Número de clasificación | F1219.8.C55 |
| Número de documento/Ítem | .H57 1947 |
| 245 10 - MENCIÓN DE TÍTULO | |
| Título | Historia tolteca-chichimeca |
| Resto del título | anales de Quauhtinchan |
| Mención de responsabilidad, etc. | Versión preparada y anotada por Heinrich Berlin en colaboración con Silvia Rendon ; prólogo de Paul Kirchhoff. |
| 260 ## - PUBLICACIÓN, DISTRIBUCIÓN, ETC. | |
| Lugar de publicación, distribución, etc. | México |
| Nombre del editor, distribuidor, etc. | Antigua Librería Robredo, de José Porrúa e hijos |
| Fecha de publicación, distribución, etc. | 1947 |
| 300 ## - DESCRIPCIÓN FÍSICA | |
| Extensión | 147 p., 25 laminas |
| Otras características físicas | il., mapas |
| Dimensiones | 23 cm. |
| 440 #0 - MENCIÓN DE SERIE/PUNTO DE ACCESO ADICIONAL--TÍTULO | |
| Título | Fuentes para la historia de México |
| Designación de volumen o secuencia | v.1 |
| 9 (RLIN) | 27743 |
| 500 ## - NOTA GENERAL | |
| Nota general | Colección publicada bajo la dirección de Salvador Toscano |
| 500 ## - NOTA GENERAL | |
| Nota general | Au1943. |
| 650 14 - PUNTO DE ACCESO ADICIONAL DE MATERIA--TÉRMINO DE MATERIA | |
| Término de materia o nombre geográfico como elemento de entrada | Chichimecas |
| Subdivisión general | Historia |
| 9 (RLIN) | 23757 |
| 650 14 - PUNTO DE ACCESO ADICIONAL DE MATERIA--TÉRMINO DE MATERIA | |
| Término de materia o nombre geográfico como elemento de entrada | Toltecas |
| Subdivisión general | Historia |
| 9 (RLIN) | 23758 |
| 651 #4 - PUNTO DE ACCESO ADICIONAL DE MATERIA--NOMBRE GEOGRÁFICO | |
| Nombre geográfico | Quauhtinchan (México) |
| Subdivisión general | Historia |
| 9 (RLIN) | 23759 |
| 700 1# - PUNTO DE ACCESO ADICIONAL--NOMBRE DE PERSONA | |
| Nombre de persona | Berlin, Heinrich |
| Fechas asociadas al nombre | 1915-1988 |
| 9 (RLIN) | 27744 |
| 700 1# - PUNTO DE ACCESO ADICIONAL--NOMBRE DE PERSONA | |
| Nombre de persona | Rendon, Silvia |
| 9 (RLIN) | 27140 |
| 700 1# - PUNTO DE ACCESO ADICIONAL--NOMBRE DE PERSONA | |
| Nombre de persona | Kirchhoff, Paul |
| 9 (RLIN) | 9833 |
| 902 ## - CATALOGADOR | |
| Iniciales | GRL |
| 942 ## - ELEMENTOS DE PUNTO DE ACCESO ADICIONAL (KOHA) | |
| Fuente del sistema de clasificación o colocación | Library of Congress Classification |
| Tipo de ítem Koha | Libros |
| Estado de retiro | Estado de pérdida | Estado dañado | No para préstamo | Localización permanente | Ubicación/localización actual | Fecha de adquisición | Número de inventario | Total de préstamos | Signatura topográfica completa | Código de barras | Fecha visto por última vez | Precio válido a partir de | Tipo de ítem Koha |
|---|---|---|---|---|---|---|---|---|---|---|---|---|---|
| El ejemplar forma parte de la colección y puede ser consultado según las políticas vigentes. | Biblioteca Centro de Estudios Ruth D. Lechuga | Biblioteca Centro de Estudios Ruth D. Lechuga | 22/07/2015 | Au1943. | F1219.8.C55 .H57 1947 (Au1943.) | GRL01896 | 22/03/2019 | 22/03/2019 | Libros |